Hongrie 1991 examen des politiques commerciales

Gespeichert in:
Bibliographische Detailangaben
Format: Buch
Sprache:Französisch
Veröffentlicht: Geneve GATT 1991
Schlagworte:
Tags: Tag hinzufügen
Keine Tags, Fügen Sie das erste Tag hinzu!

MARC

LEADER 00000nam a2200000 4500
001 c110512
005 20221123102208.6
020 |a 92-870-2068-X 
022 |a 1014-7403 
041 0 |a fre 
044 |a CH 
245 1 0 |a Hongrie 1991  |b examen des politiques commerciales 
264 1 |a Geneve  |b GATT  |c 1991 
300 |a 250 s. 
610 2 0 |a politika obchodná 
610 2 0 |a prostredie ekonomické 
610 2 0 |a hospodárstvo národné 
610 2 0 |a štruktúra vývozu 
610 2 0 |a štruktúra dovozu 
610 2 0 |a Maďarsko